000 00386cam a2200169 4500
001 D13192
008 090401t1910 xxu||||| |||| 00| 0 eng d
035 _a(Sirsi) u8303
041 _aeng
100 _aLamprill, W.T.
245 _aInventories and catalogues
260 _aLondon
_bEstates Gazette
_c1910
350 _a0
520 _aShelf 117
942 _n0
948 _c04/03/1997
999 _c86501
_d86501